[Event "WYG18"]
[Site "Oropesa del Mar ESP"]
[Date "2001.10.24"]
[Round "4"]
[White "Shtereva,S"]
[Black "Caoili,A"]
[Result "1/2-1/2"]
[WhiteElo "2089"]
[BlackElo "2257"]

1.e4 e5 2.Nf3 Nc6 3.Bb5 a6 4.Ba4 Nf6 5.O-O Be7 6.Re1 b5 7.Bb3 d6 8.h3 O-O
9.c3 Nb8 10.d4 Nbd7 11.Nbd2 Bb7 12.Bc2 Re8 13.Nf1 Bf8 14.Ng3 g6 15.d5 c6
16.dxc6 Bxc6 17.a4 Qc7 18.a5 d5 19.exd5 Bxd5 20.Bb3 Bxb3 21.Qxb3 Nc5 22.Qc2 e4
23.Ng5 Rad8 24.Be3 Nd3 25.Bb6 Qc4 26.Bxd8 Nxe1 27.Rxe1 Rxd8 28.N5xe4 Nxe4
29.Nxe4 Bg7 30.Nd2 Qc7 31.Nb3 Qc4 32.Re4 Qd5  1/2-1/2

[Event "WYB16"]
[Site "Oropesa del Mar ESP"]
[Date "2001.10.26"]
[Round "6"]
[White "Zhigalko,A"]
[Black "Borisek,J"]
[Result "1/2-1/2"]
[WhiteElo "2369"]
[BlackElo "2321"]

1.e4 e5 2.Nf3 Nc6 3.Bb5 a6 4.Ba4 Nf6 5.O-O Be7 6.Re1 b5 7.Bb3 d6 8.c3 O-O
9.h3 Nb8 10.d4 Nbd7 11.Nbd2 Bb7 12.Bc2 Re8 13.b3 Bf8 14.d5 c6 15.c4 Qc7 16.Nf1 Rec8
17.Ne3 bxc4 18.bxc4 cxd5 19.cxd5 a5 20.Bd2 Ba6 21.Rc1 Nc5 22.Ng4 Nfd7 23.Bc3 Bc4
24.a4 Rcb8 25.Re3 Bb3 26.Nd2 Bxc2 27.Rg3 Bxd1 28.Nh6+ Kh8 29.Nxf7+ Kg8 30.Nh6+  1/2-1/2

[Event "Admiralteiskii Women"]
[Site "St Petersburg RUS"]
[Date "2001.12.06"]
[Round "4"]
[White "Kochetkova,J"]
[Black "Piarnpuu,L"]
[Result "1/2-1/2"]
[WhiteElo "2257"]
[BlackElo "2214"]

1.e4 e5 2.Nf3 Nc6 3.Bb5 a6 4.Ba4 Nf6 5.O-O Be7 6.Re1 b5 7.Bb3 d6 8.c3 O-O
9.h3 Nb8 10.d4 Nbd7 11.Nbd2 Bb7 12.Bc2 Re8 13.Nf1 Bf8 14.Ng3 g6 15.Bg5 h6
16.Be3 exd4 17.Bxd4 c5 18.Bxf6 Qxf6 19.a4 Ne5 20.Nxe5  1/2-1/2

[Event "Open"]
[Site "Antalya TUR"]
[Date "2002.02.01"]
[Round "8"]
[White "Moldobaev,E"]
[Black "Sideif Sade,F"]
[Result "1/2-1/2"]
[WhiteElo "2407"]
[BlackElo "2405"]

1.e4 e5 2.Nf3 Nc6 3.Bb5 a6 4.Ba4 Nf6 5.O-O Be7 6.Re1 b5 7.Bb3 d6 8.c3 O-O
9.h3 Nb8 10.d4 Nbd7 11.Nbd2 Bb7 12.Bc2 Re8 13.Nf1 Bf8 14.Ng3 g6 15.a4 c5
16.d5 c4 17.Be3 Nc5 18.Qd2 Qc7 19.Ra3 Nfd7 20.Rea1 Nb6 21.axb5 axb5 22.Nh2 Rxa3
23.Rxa3 Bc8 24.Ng4 Bxg4 25.hxg4 Nba4 26.Ra2 Rb8 27.Nf1 Be7 28.f3 Qd7 29.g3 Bf8
30.Kg2 Bg7 31.Qd1 Qc7 32.Nd2 Bf8 33.Qa1 Qd7 34.g5 Be7 35.Qd1 Bf8 36.Nf1 Bg7
37.Nh2 f5 38.gxf6 Bxf6 39.Ng4 Bg7 40.Qd2 Rf8 41.Nh6+ Kh8 42.Bxa4 Nxa4 43.Ra1 Qc7
44.Rh1 Nc5 45.Bxc5 Qxc5 46.Qg5  1/2-1/2

[Event "Petrov Mem Open"]
[Site "St Petersburg RUS"]
[Date "2002.02.12"]
[Round "1"]
[White "Yagupov,I"]
[Black "Akimov,I"]
[Result "0-1"]
[WhiteElo "2466"]
[BlackElo "2244"]

1.e4 e5 2.Nf3 Nc6 3.Bb5 a6 4.Ba4 Nf6 5.O-O Be7 6.Re1 b5 7.Bb3 d6 8.c3 O-O
9.h3 Nb8 10.d4 Nbd7 11.Nbd2 Bb7 12.Bc2 c5 13.d5 Ne8 14.Nf1 g6 15.Bh6 Ng7
16.g4 Nf6 17.Ng3 Kh8 18.Qd2 Bc8 19.a4 bxa4 20.Rxa4 Ng8 21.Be3 Bd7 22.Ra3 f5
23.exf5 gxf5 24.gxf5 Nxf5 25.Nxf5 Bxf5 26.Bxf5 Rxf5 27.Nh2 Nf6 28.Rea1 Qg8+
29.Kh1 Rh5 30.c4 Rxh3 31.Rg1 Qf7 32.Rg2 Rg8 33.f3 Nh5 34.Rxg8+ Qxg8 35.Qg2 Rg3
36.Qc2 Nf4 37.Qd1 Bg5 38.Qe1 Rh3 39.Qg1 Qg6 40.Rxa6 Qh5 41.Ra8+ Kg7 42.Ra7+ Kf6
43.Bxf4 Qxf3+ 44.Qg2 Qd1+ 45.Qg1 Qxg1+ 46.Kxg1 Bxf4 47.Ng4+ Kf5 48.Nf2 Rb3
49.Rxh7 Rxb2 50.Rh5+ Kg6 51.Rh3 Rc2 52.Ne4 Rxc4 53.Nxd6 Rd4 54.Nc8 Kg5 55.d6 Kg4
56.Rc3 e4 57.Nb6 e3 58.Nc4 Kf3 59.Rc1 Bg3 60.Nxe3 Bf2+  0-1

[Event "Suetin Mem"]
[Site "Tula RUS"]
[Date "2002.03.25"]
[Round "3"]
[White "Nikolenko,O"]
[Black "Slavina,I"]
[Result "1/2-1/2"]
[WhiteElo "2517"]
[BlackElo "2358"]

1.e4 e5 2.Nf3 Nc6 3.Bb5 a6 4.Ba4 Nf6 5.O-O Be7 6.Re1 b5 7.Bb3 d6 8.c3 O-O
9.h3 Nb8 10.d4 Nbd7 11.Nbd2 Bb7 12.Bc2 Re8 13.Nf1 Bf8 14.Ng3 g6 15.a4 c6
16.Bg5 h6 17.Be3 Qc7 18.Qd2 Kh7 19.b3 Bg7 20.dxe5 dxe5 21.Qe2 Nf8 22.b4 Bc8
23.Nd2 Be6 24.Nb3 N8d7 25.Qf3 Red8 26.Ne2 Ne8 27.Nec1 Nd6 28.Nd3 Nb7 29.Qg3 a5
30.bxa5 Nxa5 31.Nbc5 Nxc5 32.Nxc5 Bc4 33.Qh4 f6 34.Reb1 Qe7 35.f3 Bf7 36.axb5 Nc4
37.Rxa8 Rxa8 38.Bf2 Na3 39.Ra1 cxb5 40.Qg4 Qe8 41.Qd7 Bf8 42.Qxe8 Bxe8 43.Bb3 Bc6
44.Bd5 Bxd5 45.exd5 Kg8 46.Nd7 Be7 47.Bc5 Bxc5+ 48.Nxc5 Rc8 49.Ne6 Nc4 50.Ra7 Nb6
51.d6 Rc6 52.Rg7+ Kh8 53.Rxg6 Rxd6 54.Rxf6 Nd5 55.Rf8+ Kh7 56.Rd8 Rxd8 57.Nxd8 Nxc3
58.Nc6 e4 59.Kf2  1/2-1/2

[Event "13th Goodricke"]
[Site "Calcutta IND"]
[Date "2002.03.26"]
[Round "10"]
[White "Goloshchapov,A"]
[Black "Sorokin,M"]
[Result "1/2-1/2"]
[WhiteElo "2545"]
[BlackElo "2551"]

1.e4 e5 2.Nf3 Nc6 3.Bb5 a6 4.Ba4 Nf6 5.O-O Be7 6.Re1 b5 7.Bb3 O-O 8.c3 d6
9.h3 Nb8 10.d4 Nbd7 11.Nbd2 Bb7 12.Bc2 Re8 13.Nf1 Bf8 14.Ng3 g6 15.a4 Bg7
16.Bd3 c6 17.Qc2 Qc7 18.b4 Nb6 19.dxe5  1/2-1/2

[Event "Suetin Mem"]
[Site "Tula RUS"]
[Date "2002.03.26"]
[Round "4"]
[White "Nikolenko,O"]
[Black "Gusev,Al"]
[Result "1/2-1/2"]
[WhiteElo "2517"]
[BlackElo "2365"]

1.e4 e5 2.Nf3 Nc6 3.Bb5 a6 4.Ba4 Nf6 5.O-O Be7 6.Re1 b5 7.Bb3 d6 8.c3 O-O
9.h3 Nb8 10.d4 Nbd7 11.Nbd2 Bb7 12.Bc2 Re8 13.Nf1 Bf8 14.Ng3 g6 15.a4 c5
16.d5 c4 17.Bg5 h6 18.Be3 Nc5 19.Qd2 h5 20.Bg5 Be7 21.Ra3 Nh7 22.Bh6 Bf6
23.Rea1 Qe7 24.Qc1 Reb8 25.axb5 axb5 26.Ra5 Qe8 27.Nf1 Rxa5 28.Rxa5 Ra8 29.Qa1 Qd8
30.Ra3 Nf8 31.N1d2 Rxa3 32.Qxa3 Qb6 33.Be3 Nfd7 34.b4 cxb3 35.Nxb3 Bd8 36.Qb4 Ba6
37.Nfd2 Qc7 38.Nb1 Nxb3 39.Bxb3 Nc5 40.Bc2 Qb6 41.Na3 Qb7 42.Bd1 Nd3 43.Qb1 b4
44.cxb4 Qxb4 45.Qxb4  1/2-1/2

[Event "Suetin Mem"]
[Site "Tula RUS"]
[Date "2002.03.30"]
[Round "8"]
[White "Grigoriants,S RUS"]
[Black "Balashov,Y"]
[Result "1/2-1/2"]
[WhiteElo "2443"]
[BlackElo "2545"]

1.e4 e5 2.Nf3 Nc6 3.Bb5 a6 4.Ba4 Nf6 5.O-O Be7 6.Re1 b5 7.Bb3 d6 8.c3 O-O
9.h3 Nb8 10.d4 Nbd7 11.Nbd2 Bb7 12.Bc2 Re8 13.Nf1 Bf8 14.Ng3 g6 15.b3 Bg7
16.Bb2 c5 17.a4 d5 18.axb5 axb5 19.Nxe5 Nxe5 20.dxe5 Nxe4 21.Nxe4  1/2-1/2

[Event "chJ-POL b20"]
[Site "Trzebinia POL"]
[Date "2002.04.16"]
[Round "7"]
[White "Mista,A"]
[Black "Barglowski,F"]
[Result "1-0"]
[WhiteElo "2435"]
[BlackElo "2262"]

1.e4 e5 2.Nf3 Nc6 3.Bb5 a6 4.Ba4 Nf6 5.O-O Be7 6.Re1 b5 7.Bb3 d6 8.c3 O-O
9.h3 Nb8 10.d4 Nbd7 11.Nbd2 Bb7 12.Bc2 Re8 13.Nf1 Bf8 14.Ng3 g6 15.Bg5 h6
16.Bd2 exd4 17.cxd4 c5 18.Qc1 Kh7 19.a4 cxd4 20.Nxd4 bxa4 21.Bxa4 Rc8 22.Qb1 Re7
23.Nb3 Nb6 24.Ba5 Nfd7 25.Rd1 Ne5 26.Nd2 Nc6 27.Bxb6 Qxb6 28.Nc4 Qb4 29.Nxd6 Rb8
30.Qa2 Bg7 31.Qa3 Ba8 32.Qxb4 Nxb4 33.Rd2 Be5 34.Ra3 Rd8 35.Nc4 Rxd2 36.Nxd2 Bxb2
37.Rb3 Bc1 38.Nc4 a5 39.Nxa5 Ra7 40.Rxb4 Rxa5 41.Ne2 Ba3 42.Rc4 Rc5 43.Rd4 Re5
44.Bc2 Bc5 45.Rc4 Bb6 46.Bd3 Re6 47.Nf4 Rc6 48.Rxc6 Bxc6 49.Kf1 Kg7 50.f3 Bc7
51.Ne2 Bb6 52.Nc3 Bd4 53.Nb1 Bc5 54.Ke2 Bb4 55.Nd2 Bxd2 56.Kxd2 g5 57.Ke3 f6
58.Kd4 Bd7 59.Kd5 h5 60.Kd6 Bc8 61.Bc4 g4 62.hxg4 hxg4 63.f4 g3 64.f5 Bb7
65.Bd5 Ba6 66.Ke7  1-0

[Event "Oceana zt"]
[Site "Warwick Fiji FIJ"]
[Date "2002.05.08"]
[Round "5"]
[White "Smith,Ro"]
[Black "Green,P"]
[Result "1/2-1/2"]
[WhiteElo "2282"]
[BlackElo "2247"]

1.e4 e5 2.Nf3 Nc6 3.Bb5 a6 4.Ba4 Nf6 5.O-O Be7 6.Re1 b5 7.Bb3 d6 8.c3 O-O
9.h3 Nb8 10.d4 Nbd7 11.Nbd2 Bb7 12.a4 h6 13.Bc2 Re8 14.Nf1 Bf8 15.Ng3 g6
16.Bd3 c6 17.h4 Bg7 18.h5 Nxh5 19.Nxh5 gxh5 20.g3 Qf6 21.Be3 d5 22.dxe5 Nxe5
23.Nxe5 Qxe5 24.Bf4 Qe6 25.Qxh5 bxa4 26.exd5 Qxd5 27.Rxe8+ Rxe8 28.Qxd5 cxd5
29.Be3 Bc6 30.Bc2 Rb8 31.Bxa4 Bxa4 32.Rxa4 Rxb2 33.Rxa6 Bxc3 34.Rc6  1/2-1/2

[Event "23rd Open"]
[Site "Bled SLO"]
[Date "2002.07.02"]
[Round "1"]
[White "Kovacevic,A"]
[Black "Krivec,J"]
[Result "1/2-1/2"]
[WhiteElo "2547"]
[BlackElo "2253"]

1.e4 e5 2.Nf3 Nc6 3.Bb5 a6 4.Ba4 Nf6 5.O-O Be7 6.Re1 b5 7.Bb3 O-O 8.h3 d6
9.c3 Nb8 10.d4 Nbd7 11.Nbd2 Bb7 12.Bc2 Re8 13.a4 Bf8 14.Bd3 c6 15.b3 Rb8
16.Nf1 Bc8 17.Ng3 g6 18.Bg5 h6 19.Bd2 c5 20.axb5 axb5 21.d5 Kh7 22.b4 c4
23.Bc2 Bg7 24.Be3 Ng8 25.Nd2 Rf8 26.Ra5 h5 27.Qe2 Bh6 28.Rea1 Ndf6 29.Bxh6 Nxh6
30.Qe3 h4 31.Ne2 Nh5 32.Ra7 g5 33.Ra8 Rxa8 34.Rxa8 Rg8 35.Nf3 Nf4 36.Nxf4 gxf4
37.Qa7 Qf6 38.Qc7 Qg7 39.Nxh4 Bxh3 40.Rxg8 Qxg8 41.Qe7 Bxg2 42.Kh2 f3 43.Nf5 Bf1
44.Ne3 Ng4+ 45.Nxg4 Qxg4 46.Qxf7+ Kh8 47.Qf8+ Kh7 48.Qf7+ Kh8 49.Qf8+  1/2-1/2

[Event "23rd Open"]
[Site "Bled SLO"]
[Date "2002.07.04"]
[Round "3"]
[White "Palac,M"]
[Black "Gyimesi,Z"]
[Result "1/2-1/2"]
[WhiteElo "2564"]
[BlackElo "2580"]

1.e4 e5 2.Nf3 Nc6 3.Bb5 a6 4.Ba4 Nf6 5.O-O Be7 6.Re1 b5 7.Bb3 d6 8.c3 O-O
9.h3 Nb8 10.d4 Nbd7 11.Nbd2 Bb7 12.Bc2 Re8 13.a4 Bf8 14.Bd3 c6 15.Nf1 d5
16.Bg5 dxe4 17.Rxe4 Be7 18.Re2 exd4 19.Nxd4 g6 20.Nb3 Qc7 21.axb5  1/2-1/2

[Event "Lasker Mem Open"]
[Site "Barlinek POL"]
[Date "2002.07.21"]
[Round "3"]
[White "Brodsky,M"]
[Black "Socko,B"]
[Result "1/2-1/2"]
[WhiteElo "2539"]
[BlackElo "2562"]

1.e4 e5 2.Nf3 Nc6 3.Bb5 a6 4.Ba4 Nf6 5.O-O Be7 6.Re1 b5 7.Bb3 d6 8.c3 O-O
9.h3 Nb8 10.d4 Nbd7 11.Nbd2 Bb7 12.a4 c5 13.Bc2 Qc7 14.b3 cxd4  1/2-1/2

[Event "KB Czech Open"]
[Site "Pardubice CZE"]
[Date "2002.07.27"]
[Round "9"]
[White "Arutunian,D"]
[Black "Gyimesi,Z"]
[Result "1/2-1/2"]
[WhiteElo "2420"]
[BlackElo "2580"]

1.e4 e5 2.Nf3 Nc6 3.Bb5 a6 4.Ba4 Nf6 5.O-O Be7 6.Re1 b5 7.Bb3 d6 8.c3 O-O
9.h3 Nb8 10.d4 Nbd7 11.Nbd2 Bb7 12.Bc2 Re8 13.Nf1 Bf8 14.Ng3 g6 15.a4 Bg7
16.d5 Qb8 17.b3 c6 18.c4 bxc4 19.bxc4 a5 20.Rb1 Qc7 21.Ba3 c5 22.Ne2 Ba6
23.Bd3 Bh6 24.Nc3 Nb8 25.Nh2 Bc8 26.Ng4 Nxg4 27.hxg4 Na6 28.g3 Nb4 29.f3 Rf8
30.Rb2 f5 31.Rh2 Nxd3  1/2-1/2

[Event "6th HZ Open"]
[Site "Vlissingen NED"]
[Date "2002.08.09"]
[Round "7"]
[White "Hommeles,T"]
[Black "Overeem,M"]
[Result "1-0"]
[WhiteElo "2393"]
[BlackElo "2170"]

1.e4 e5 2.Nf3 Nc6 3.Bb5 a6 4.Ba4 Nf6 5.O-O Be7 6.Re1 b5 7.Bb3 d6 8.c3 O-O
9.h3 Nb8 10.d4 Nbd7 11.Nbd2 Bb7 12.Bc2 Re8 13.Nf1 Bf8 14.Ng3 g6 15.a4 c5
16.d5 c4 17.Bg5 h6 18.Be3 h5 19.Bg5 Be7 20.Qd2 Nc5 21.Ra3 Nh7 22.Be3 Qc7
23.Rea1 Rab8 24.Nh2 Bf6 25.f3 Bc8 26.axb5 axb5 27.Ne2 Bd7 28.Nc1 Bg7 29.Na2 Ra8
30.Nb4 Rxa3 31.Rxa3 Qb7 32.Qc1 Ra8 33.Qa1 Rxa3 34.Qxa3 Bf6 35.Qa5 Qb8 36.Qa3 Qc8
37.Qa7 Bg5 38.Bf2 Bc1 39.Qb6 Bxb2 40.Qxd6 Nd3 41.Bxd3 cxd3 42.Nxd3 Bxc3 43.Nxe5 Nf6  1-0

[Event "6th HZ Open"]
[Site "Vlissingen NED"]
[Date "2002.08.10"]
[Round "8"]
[White "Van den Doel,E"]
[Black "Gyimesi,Z"]
[Result "0-1"]
[WhiteElo "2602"]
[BlackElo "2580"]

1.e4 e5 2.Nf3 Nc6 3.Bb5 a6 4.Ba4 Nf6 5.O-O Be7 6.Re1 b5 7.Bb3 d6 8.c3 O-O
9.h3 Nb8 10.d4 Nbd7 11.Nbd2 Bb7 12.Bc2 Re8 13.Nf1 Bf8 14.Ng3 g6 15.b3 c6
16.Bg5 Bg7 17.Qd2 Qc7 18.a4 Nf8 19.b4 Rad8 20.Bb3 Ne6 21.Bh6 Qe7 22.Nf5 gxf5
23.exf5 e4 24.fxe6 fxe6 25.Qg5 Kh8 26.Nd2 Bxh6 27.Qxh6 d5 28.f3 Rg8 29.fxe4 Rg6
30.Qf4 Qg7 31.Re2 Rg8 32.Qh2 Rg3 33.e5 Nh5 34.Rf1 Qh6 35.Rf3 Nf4 36.Rxf4 Qxf4
37.Nf1 Rf8 38.Ne3 Qxe3+ 39.Rxe3 Rxe3  0-1

[Event "ADCF Masters"]
[Site "Abu Dhabi UAE"]
[Date "2002.08.17"]
[Round "6"]
[White "El Arousy,A"]
[Black "Kayumov,S"]
[Result "1/2-1/2"]
[WhiteElo "2297"]
[BlackElo "2267"]

1.e4 e5 2.Nf3 Nc6 3.Bb5 a6 4.Ba4 Nf6 5.O-O Be7 6.Re1 b5 7.Bb3 d6 8.c3 O-O
9.h3 Nb8 10.d4 Nbd7 11.Nbd2 Bb7 12.Bc2 Re8 13.Nf1 Bf8 14.Ng3 g6 15.Bg5 h6
16.Bd2 exd4 17.cxd4 c5 18.d5 Nb6 19.Nh2 Nc4 20.Bc1 Bg7 21.Bd3 Nb6 22.Rb1 Rc8
23.Bd2 b4 24.b3 a5 25.Rc1 Re7 26.h4 Rec7 27.h5 c4 28.Bb1 c3 29.Be3 Nbd7 30.Bc2 Nc5
31.hxg6 fxg6 32.Bd4 Re7 33.Nhf1 Qe8 34.f3 h5 35.Nh1 Ncd7 36.Nf2 Bh6 37.Ra1 Ne5
38.a3 Ra8 39.Ne3 Bf4 40.Nh3 Bg3 41.Rf1 Ba6 42.Ng5 Bf4 43.Ne6 Rxe6 44.dxe6 Bxf1
45.Nxf1 Rb8 46.g3 Bh6 47.axb4 axb4 48.Bxe5 dxe5 49.Qd6 Qb5 50.Qe7 Rf8 51.Rd1 Bd2
52.Ra1 Bh6 53.Rd1 h4 54.gxh4 Qe2 55.Rd8 Be3+ 56.Nxe3 Qxe3+ 57.Kg2 Qe2+ 58.Kg1 Qe1+
59.Kg2 Qe2+  1/2-1/2

[Event "Open"]
[Site "Birstonas LIT"]
[Date "2002.08.22"]
[Round "6"]
[White "Dzjuba,V"]
[Black "Turauskiene,R"]
[Result "1-0"]
[WhiteElo "2283"]
[BlackElo "2194"]

1.e4 e5 2.Nf3 Nc6 3.Bb5 a6 4.Ba4 Nf6 5.O-O Be7 6.Re1 b5 7.Bb3 O-O 8.h3 d6
9.c3 Nb8 10.d4 Nbd7 11.Nbd2 Bb7 12.Bc2 Re8 13.Nf1 Bf8 14.Ng3 g6 15.a4 c5
16.d5 c4 17.Bg5 h6 18.Be3 Nc5 19.Qd2 h5 20.Ra2 Nfd7 21.Bg5 Be7 22.Bh6 Bf6
23.Nf1 Nb6 24.a5 Nb3 25.Qe3 Na4 26.g4 hxg4 27.hxg4 Qxa5 28.g5 Bg7 29.Bxg7 Kxg7
30.N3d2 Nbc5 31.Ng3 Qd8 32.Bxa4 Nxa4 33.Nxc4 Nxc3 34.bxc3 bxc4 35.f4 exf4
36.Qxf4 Bxd5 37.Rd1 Be6 38.Rxd6 Qe7 39.Qe5+ f6 40.gxf6+ Qxf6 41.Nh5+ gxh5
42.Rg2+ Kf7 43.Rf2 Qxf2+ 44.Kxf2 h4 45.Qh5+ Ke7 46.e5 Ra7 47.Rxe6+ Kxe6 48.Qxe8+ Re7
49.Qh8  1-0

[Event "GM"]
[Site "Rostock GER"]
[Date "2002.08.28"]
[Round "5"]
[White "Baramidze,D"]
[Black "Stern,R"]
[Result "1/2-1/2"]
[WhiteElo "2351"]
[BlackElo "2461"]

1.e4 e5 2.Nf3 Nc6 3.Bb5 a6 4.Ba4 Nf6 5.O-O Be7 6.Re1 b5 7.Bb3 d6 8.c3 O-O
9.h3 Nb8 10.d4 Nbd7 11.Nbd2 Bb7 12.a4 c5 13.Bc2 Re8 14.b3 exd4 15.cxd4 cxd4
16.axb5 axb5 17.Bb2 Bf8 18.Nxd4 b4 19.N4f3 Nc5 20.e5 dxe5 21.Bxe5 Ncd7 22.Bd4 Bc5
23.Rxa8 Qxa8 24.Rxe8+ Qxe8 25.Qa1 Qe7 26.Bf5 g6 27.Bxd7 Nxd7 28.Bxc5 Nxc5
29.Qe1 Kf8 30.Qa1 f6 31.Nd4 Kf7 32.Nc4 Bd5 33.Ne3 Nxb3 34.Nxd5 Nxa1  1/2-1/2

[Event "7th WUCC Women"]
[Site "Ulaanbaatar MON"]
[Date "2002.09.15"]
[Round "5"]
[White "Kochetkova,J"]
[Black "Otgonjargal,S"]
[Result "1/2-1/2"]
[WhiteElo "2244"]
[BlackElo "2094"]

1.e4 e5 2.Nf3 Nc6 3.Bb5 a6 4.Ba4 Nf6 5.O-O Be7 6.Re1 b5 7.Bb3 d6 8.c3 O-O
9.h3 Nb8 10.d4 Nbd7 11.Nbd2 Bb7 12.a4 c5 13.d5 c4 14.Bc2 Re8 15.Nf1 Bf8 16.Ng3 g6
17.Be3 Bg7 18.Qd2 Qc7 19.Bh6 Bh8 20.Nh4 Nc5 21.Qg5 Qd8 22.axb5 axb5 23.Rxa8 Bxa8
24.Nhf5 Nxd5 25.Qxd8 Rxd8 26.exd5 gxf5 27.Nxf5 Bf6 28.g4 Rd7 29.Ne3 Ra7 30.Nf5 Rd7
31.Ne3 Ra7  1/2-1/2

[Event "FSFMB Oct"]
[Site "Budapest HUN"]
[Date "2002.10.14"]
[Round "10"]
[White "Leks,H"]
[Black "Koczo,K"]
[Result "1/2-1/2"]
[WhiteElo "2096"]
[BlackElo "2092"]

1.e4 e5 2.Nf3 Nc6 3.Bb5 a6 4.Ba4 Nf6 5.O-O b5 6.Bb3 Be7 7.Re1 d6 8.h3 O-O
9.c3 Nb8 10.d4 Nbd7 11.Nbd2 c5 12.Nf1 c4 13.Bc2 Bb7 14.a4 Qc7 15.axb5 axb5
16.Rxa8 Rxa8 17.dxe5 dxe5 18.Bg5 h6 19.Bxf6 Bxf6 20.Ne3 Nc5 21.Nd5 Bxd5 22.exd5  1/2-1/2

[Event "Olympiad w"]
[Site "Bled SLO"]
[Date "2002.10.28"]
[Round "3"]
[White "Dekic,B"]
[Black "Piarnpuu,L"]
[Result "1/2-1/2"]
[WhiteElo "2130"]
[BlackElo "2230"]

1.e4 e5 2.Nf3 Nc6 3.Bb5 a6 4.Ba4 Nf6 5.O-O Be7 6.Re1 b5 7.Bb3 d6 8.c3 O-O
9.h3 Nb8 10.a4 Bb7 11.Bc2 Nbd7 12.d4 Re8 13.d5 c6 14.dxc6 Bxc6 15.a5 Bf8
16.Bg5 h6 17.Bh4 Qc7 18.Nbd2 g6 19.Nb3 Qb7 20.Nfd2 Nh5 21.f3 Nf4 22.Kh2 Nc5
23.Nf1 d5 24.Nxc5 Bxc5 25.b4 Be7 26.Bf2 d4 27.Qd2 dxc3 28.Qxc3 Bf8 29.g3 Ne6
30.Bb3 Rac8 31.Bxe6 Rxe6 32.Rec1 Ree8 33.Qb3 Red8 34.Bb6 Re8 35.Ne3 Qe7 36.Rab1 h5
37.Rd1 Qf6 38.Ng2 Bh6 39.Rd3 Bf8 40.Rbd1 g5 41.Rf1 Bxe4 42.fxe4 Qxf1 43.Rf3 Qc4
44.Qe3 Qc1 45.Qb3 Rc4 46.Ne3 Qd2+ 47.Kg1 Rc1+ 48.Nf1 Qd7 49.Qe3 Rc6 50.Qxg5+ Rg6
51.Qxh5 Bxb4 52.Ne3 Bf8 53.Nd5 Bg7 54.Rc3 Rc6 55.Rf3 Ree6 56.Be3 Bh6 57.Qg4+ Kh7
58.Qf5+ Kg7 59.Qg4+ Kh7 60.Bxh6 Kxh6 61.Rf6+ Rxf6 62.Qxd7 Rc1+ 63.Kg2 Rc2+  1/2-1/2

[Event "Olympiad"]
[Site "Bled SLO"]
[Date "2002.10.31"]
[Round "6"]
[White "Georgiev,Ves"]
[Black "Kaabi,M"]
[Result "1-0"]
[WhiteElo "2310"]
[BlackElo "2383"]

1.e4 e5 2.Nf3 Nc6 3.Bb5 a6 4.Ba4 Nf6 5.O-O Be7 6.Re1 b5 7.Bb3 d6 8.c3 O-O
9.h3 Nb8 10.d4 Nbd7 11.Nbd2 Bb7 12.Bc2 Re8 13.Nf1 Bf8 14.Ng3 g6 15.a4 c5
16.d5 c4 17.Bg5 h6 18.Be3 Nc5 19.Qd2 h5 20.Bg5 Be7 21.Bh6 Nh7 22.Ra3 Rb8
23.Rea1 Qb6 24.Be3 Rec8 25.Qe1 Nf6 26.Nd2 Nfd7 27.axb5 axb5 28.b4 cxb3 29.Nxb3 Qd8
30.Nxc5 dxc5 31.Ra7 Nb6 32.Bd3 c4 33.Be2 Na4 34.Rb1 h4 35.Nf1 Ba8 36.Nh2 Rc7
37.Ng4 Rxa7 38.Bxa7 Rb7 39.Be3 Qd6 40.f4 Qa3 41.Ra1 Qb3 42.fxe5 b4 43.d6 Bd8
44.Bd1 bxc3 45.Bxb3 cxb3 46.Rxa4 b2 47.Rxa8 b1=Q 48.Rxd8+ Kg7 49.Bh6+ Kh7
50.Bc1  1-0

[Event "Olympiad w"]
[Site "Bled SLO"]
[Date "2002.11.01"]
[Round "7"]
[White "Hagarova,Z"]
[Black "Krivec,J"]
[Result "1-0"]
[WhiteElo "2333"]
[BlackElo "2269"]

1.e4 e5 2.Nf3 Nc6 3.Bb5 a6 4.Ba4 Nf6 5.O-O Be7 6.Re1 b5 7.Bb3 d6 8.c3 O-O
9.h3 Nb8 10.d4 Nbd7 11.Nbd2 Bb7 12.Bc2 Re8 13.Nf1 Bf8 14.Ng3 g6 15.a4 c5
16.d5 c4 17.Bg5 h6 18.Be3 Nc5 19.Qd2 h5 20.Bg5 Be7 21.Ra3 Nfd7 22.Be3 Qc7
23.Rea1 Nb6 24.axb5 axb5 25.Ra5 Rxa5 26.Rxa5 Nxd5 27.Rxb5 Nxe3 28.Qxe3 Ba6
29.Rb4 Rb8 30.Rxb8+ Qxb8 31.Qc1 Qb7 32.Qb1 Kg7 33.Nf1 Nd3 34.Bxd3 cxd3 35.N3d2 d5
36.exd5 Qxd5 37.Ne3 Qc6 38.c4 e4 39.b4 Bb7 40.Nd5 Qe6 41.Qb2+ Kg8 42.Qd4 f5
43.Nxe7+ Qxe7 44.c5 f4 45.Nc4 Qg5 46.Qd7 e3 47.Qxb7 e2 48.Qc8+ Kh7 49.Qd7+ Kh6
50.Qe8 Qf6 51.Kh2 Qd4 52.Ne5 Qxf2 53.Qxg6+  1-0

[Event "ch-POL sf"]
[Site "Lubniewice POL"]
[Date "2002.12.04"]
[Round "5"]
[White "Liwak,P"]
[Black "Staniszewski,Pi"]
[Result "0-1"]
[WhiteElo "2296"]
[BlackElo "2441"]

1.e4 e5 2.Nf3 Nc6 3.Bb5 a6 4.Ba4 Nf6 5.O-O Be7 6.Re1 b5 7.Bb3 d6 8.c3 O-O
9.h3 Nb8 10.d4 Nbd7 11.Nbd2 Bb7 12.Bc2 Re8 13.Nf1 Bf8 14.Ng3 g6 15.d5 c6
16.dxc6 Bxc6 17.Nh2 Qb6 18.Ng4 Nxg4 19.hxg4 Qb7 20.Bb3 Nb6 21.Qe2 a5 22.a3 a4
23.Ba2 Qa6 24.Bg5 Nc4 25.Rad1 Bd7 26.Rd3 Be6 27.Nf5 b4 28.Rh3 bxa3 29.Qf3 f6
30.Rxh7 Ra7 31.Rh1 fxg5 32.Qh3 Bg7 33.Qh7+ Kf8 34.Qxg6 Bxf5 35.Qxf5+ Rf7
36.Qxg5 axb2 37.Rh7 a3 38.Qh4 Kg8 39.g5 d5 40.exd5 Nd6 41.g6 Rb7 42.Rh5 Qd3
43.Bb1 Qxb1  0-1

[Event "Troll Masters"]
[Site "Gausdal NOR"]
[Date "2003.01.12"]
[Round "7"]
[White "Agopov,M"]
[Black "Tallaksen,G"]
[Result "1/2-1/2"]
[WhiteElo "2376"]
[BlackElo "2258"]

1.e4 e5 2.Nf3 Nc6 3.Bb5 a6 4.Ba4 Nf6 5.O-O Be7 6.Re1 b5 7.Bb3 d6 8.c3 O-O
9.h3 Nb8 10.d4 Nbd7 11.Nbd2 Bb7 12.Bc2 Re8 13.Nf1 Bf8 14.Ng3 g6 15.a4 c6
16.Bg5 Qc7 17.Qd2 Bg7 18.b3 Nf8 19.Qc1 Ne6 20.Be3 Nd7 21.Ra2 d5 22.dxe5 Nxe5
23.Nd4 Nc5 24.Qd1 Nxe4 25.Nxe4 dxe4 26.Bxe4 c5 27.Bxb7 Qxb7 28.Ne2 Rad8 29.Qb1 Bf6
30.axb5 axb5 31.Nf4 Nd7 32.c4 Bd4 33.Bxd4 cxd4 34.Nd3 bxc4 35.bxc4 Qxb1 36.Rxb1 Ne5
37.Nxe5 Rxe5 38.Rd1 Rc5 39.Rc2 d3 40.Rc3 Rd4 41.Rdxd3 Rxd3 42.Rxd3  1/2-1/2

[Event "II It"]
[Site "Sao Jose de Rio Preto BRA"]
[Date "2003.01.29"]
[Round "8"]
[White "Coelho,L"]
[Black "De Souza,M"]
[Result "1/2-1/2"]
[WhiteElo "2392"]
[BlackElo "2349"]

1.e4 e5 2.Nf3 Nc6 3.Bb5 a6 4.Ba4 Nf6 5.O-O Be7 6.Re1 b5 7.Bb3 d6 8.c3 O-O
9.h3 Nb8 10.d4 Nbd7 11.Nbd2 Bb7 12.Bc2 Re8 13.Nf1 Bf8 14.Ng3 g6 15.a4 c5
16.d5 c4 17.Bg5 h6 18.Be3 Nc5 19.Qd2 h5 20.Bg5 Be7 21.Ra3 Nfd7 22.Be3 Qc7
23.Ng5 Bf6 24.Kh1 Bg7 25.Rf1 Re7 26.Rfa1 Ree8 27.Rf1 Re7 28.axb5 axb5 29.Rxa8+ Bxa8
30.f4 exf4 31.Bxf4 Ne5 32.Ne2 Ned3 33.Nd4 Qd7 34.Bxd3 Nxd3 35.Ra1  1/2-1/2

[Event "Open"]
[Site "Cappelle la Grande FRA"]
[Date "2003.02.28"]
[Round "8"]
[White "Luther,T"]
[Black "Staniszewski,Pi"]
[Result "1-0"]
[WhiteElo "2575"]
[BlackElo "2449"]

1.e4 e5 2.Nf3 Nc6 3.Bb5 a6 4.Ba4 Nf6 5.O-O Be7 6.Re1 b5 7.Bb3 d6 8.c3 O-O
9.h3 Nb8 10.d4 Nbd7 11.Nbd2 Bb7 12.a4 c5 13.d5 c4 14.Bc2 Nc5 15.Nf1 Qb8 16.Ng3 g6
17.Nh2 Nfd7 18.Ng4 Kh8 19.Rf1 bxa4 20.Bh6 Rc8 21.f4 f6 22.f5 g5 23.Bxg5 fxg5
24.f6 Bf8 25.Rf5 Rc7 26.Rxg5 Qe8 27.Nf5 Nb6 28.Qf3 Qf7 29.Qg3  1-0

[Event "National I"]
[Site "Besancon FRA"]
[Date "2003.04.05"]
[Round "5"]
[White "Bellaiche,A"]
[Black "Shchekachev,A"]
[Result "1-0"]
[WhiteElo "2424"]
[BlackElo "2592"]

1.e4 e5 2.Nf3 Nc6 3.Bb5 a6 4.Ba4 Nf6 5.O-O Be7 6.Re1 b5 7.Bb3 d6 8.c3 O-O
9.h3 Nb8 10.d4 Nbd7 11.Nbd2 Bb7 12.Bc2 Re8 13.Nf1 Bf8 14.Ng3 g6 15.Bg5 h6
16.Bd2 Bg7 17.a4 c5 18.d5 c4 19.Be3 Nc5 20.Qd2 h5 21.Bg5 Qc7 22.Nh2 Rab8
23.axb5 axb5 24.Bh6 Bc8 25.Rf1 Qe7 26.Bg5 Qf8 27.Nf3 Bd7 28.Be3 Qe7 29.Ra7 Ra8
30.Rfa1 Rxa7 31.Rxa7 Qd8 32.Qd1 Qb8 33.Qa1 Rc8 34.Nxe5 h4 35.Ne2 Be8 36.Nc6 Bxc6
37.dxc6 Bf8 38.Nd4 d5 39.Qa5 Qe5 40.Qxb5 Nfxe4 41.Nf3 Qe8 42.Bxe4 dxe4 43.Ng5 Rxc6
44.Rc7  1-0

[Event "ch-Kaissa Club"]
[Site "Kharkov UKR"]
[Date "2003.04.14"]
[Round "7"]
[White "Mihalichenko,B"]
[Black "Tarlev,K"]
[Result "1/2-1/2"]
[WhiteElo "2276"]
[BlackElo "2358"]

1.e4 e5 2.Nf3 Nc6 3.Bb5 a6 4.Ba4 Nf6 5.O-O Be7 6.Re1 b5 7.Bb3 O-O 8.c3 d6
9.h3 Nb8 10.d4 Nbd7 11.c4 Bb7 12.Nc3 b4 13.Nd5 Nxd5 14.cxd5 c6 15.dxe5 dxe5
16.d6 Bf6 17.Be3 a5 18.Rc1 Rc8 19.Ba4 Re8 20.Nd2 Re6 21.Nb3 Nb8 22.Qg4 Rxd6
23.Red1 Rxd1+ 24.Rxd1 Qc7 25.Nc5 Rd8 26.Rxd8+ Bxd8 27.Qe2 Bc8 28.Qd3 Be7
29.Bb3 Bxc5 30.Bxc5 Be6 31.Bxe6 fxe6 32.Qd6 Qxd6 33.Bxd6 Nd7 34.b3 Kf7 35.f3 Ke8
36.Bc7 Nc5 37.Bxa5 Na6 38.Kf2 Kd7 39.Ke3 c5 40.Kd3 Kc6 41.Kc4 Nb8 42.Bd8 Nd7
43.Be7 Nb6+ 44.Kd3 Nd7 45.Bh4  1/2-1/2